Agreement between the RICS and the DHSS on the application to hospital work of the Institution's itemised scale no 37 of professional charges for quantity surveying services for building works (effective from 1 July 1969) (Record no. 87697)

MARC details
000 -LEADER
fixed length control field 01032cam a2200241 4500
001 - CONTROL NUMBER
control field D15024
008 - FIXED-LENGTH DATA ELEMENTS--GENERAL INFORMATION
fixed length control field 090401t1969 xxu||||| |||| 00| 0 eng d
035 ## - SYSTEM CONTROL NUMBER
System control number (Sirsi) u19679
041 ## - LANGUAGE CODE
Language code of text/sound track or separate title eng
050 ## - LIBRARY OF CONGRESS CALL NUMBER
Classification number 331.2166
-- 18
110 ## - MAIN ENTRY--CORPORATE NAME
Corporate name or jurisdiction name as entry element Royal Institution of Chartered Surveyors
9 (RLIN) 4900
245 ## - TITLE STATEMENT
Title Agreement between the RICS and the DHSS on the application to hospital work of the Institution's itemised scale no 37 of professional charges for quantity surveying services for building works (effective from 1 July 1969)
Remainder of title annex to the DHSS's circular letter DS4/71 to Regional Hospital Board...
260 ## - PUBLICATION, DISTRIBUTION, ETC.
Place of publication, distribution, etc. [S.l.]
Name of publisher, distributor, etc. RICS
Date of publication, distribution, etc. 1969
300 ## - PHYSICAL DESCRIPTION
Extent 15p.
520 ## - SUMMARY, ETC.
Summary, etc. Includes two amendments: "Cost planning fees" DHSS circular letter DS117/72 of 17 May 1972; "Copyright" DHSS circular letter DS21/74 of 4 February 1974.
650 ## - SUBJECT ADDED ENTRY--TOPICAL TERM
Topical term or geographic name entry element PROFESSIONAL FEES
650 ## - SUBJECT ADDED ENTRY--TOPICAL TERM
Topical term or geographic name entry element QUANTITY SURVEYORS' FEES
650 ## - SUBJECT ADDED ENTRY--TOPICAL TERM
Topical term or geographic name entry element FEE SCALES
650 ## - SUBJECT ADDED ENTRY--TOPICAL TERM
Topical term or geographic name entry element PROFESSIONAL CHARGES
690 ## - LOCAL SUBJECT ADDED ENTRY--TOPICAL TERM (OCLC, RLIN)
Topical term or geographic name as entry element Quantity surveying
9 (RLIN) 6263
942 ## - ADDED ENTRY ELEMENTS (KOHA)
Suppress in OPAC 0
948 ## - LOCAL PROCESSING INFORMATION (OCLC); SERIES PART DESIGNATOR (RLIN)
c (OCLC) 04/03/1997
Holdings
Withdrawn status Lost status Source of classification or shelving scheme Damaged status Not for loan Home library Current library Shelving location Date acquired Total Checkouts Full call number Barcode Date last seen Copy number Price effective from Koha item type
    Other/Generic Classification Scheme     London London RICS Boxes 14/09/1999   1969/46 30005766 06/08/2019 1 06/08/2019 Reference material
    Other/Generic Classification Scheme     London London RICS Boxes 22/08/1991   1969/46 30010433 06/08/2019 2 06/08/2019 Reference material